000 00416nam a2200157 i 4500
001 74846
003 ES-MaACL
005 20230906172250.0
007 t|
008 040921s1971 sp ||||1| spa d
100 1 _aGranero Sancho, Emilio.
_959629
245 1 0 _aFalorias /
_cEmilio Granero Sancho.
260 _aValencia :
_bPrometeo,
_c[1971]
300 _a342 p. ;
_c19 cm.
852 _aES-MaACL
_jC-39329
_bR.76948
999 _c74846
_d74846